000
00294 a2200133 4500
000
nam a22 7a 4500
100
_a
Banerjee, Arindam
110
_a
Banerjee, Arindam
245
_a
Pythonic AI
250
_a
Latest edition
260
_b
BPB
_c
2023
264
_b
BPB
_c
2023
942
_c
BK
999
_c
312614
_d
312614